000167976 001__ 167976
000167976 005__ 20260123133004.0
000167976 020__ $$a9788409338429
000167976 0247_ $$2doi$$a10.6018/editum.2912
000167976 037__ $$aBOOK-2026-109
000167976 041__ $$aeng
000167976 100__ $$aOllero Ojeda, Alfredo $$b
000167976 245__ $$aA guide to good practices for the management and restoration of mediterranean ephemeral streams: Resilence and adaptation to climate change
000167976 260__ $$a$$bEditum. Ediciones de la Universidad de Murcia$$c2021
000167976 300__ $$a184
000167976 500__ $$aThe present guide has been put together according to the framework of the CCAMICEM research project (CGL2017- 84625-C2-1-R and CGL2017-84625-C2-2-R subprojects), A morphological and systemic response to climate change in Mediterranean ephemeral channels: dynamics, resilience and plans of action, financed by ERDF / Spanish Ministry of Science, Innovation and Universities - State Research Agency (AEI); State Program for Research, Development and Innovation oriented to the Challenges of Society.
000167976 506__ $$aby
000167976 520__ $$aEphemeral channels (ramblas or dry channels - except in sudden occasional flash foods) are prevalent in the Mediterranean, where they make up most of the fluvial network. They are fundamental natural systems in the hydrological cycle for transporting water, sediment and nutrients, and, therefore, are excellent indicators of climate and global change. Their promotion, the recognition of their role, their hydromorphological values and ecosystemic services are all absolutely essential for understanding their level of resilience and contribution to adapting to climate change. And it is urgent for us to work on their management, recovery and conservation, because overall they are subjected to strong pressures and are being greatly damaged. This guide warns the reader about the multiple impacts these channels are subjected to, it informs us about their important Mediterranean heritage, which is so underestimated and ignored; and it proposes 33 good practices for their management and recovery. It is a book that can offer ideas to the people responsible for managing them, but is aimed at the whole of society, because the challenge is very complex: we have to recover ephemeral channels by improving understanding and raising awareness. And we must act quickly, because it is already late and until now practically nothing has been done to respect, protect and recover these vital fluvial systems on our land. This is our challenge.
000167976 540__ $$9info:eu-repo/semantics/openAccess
000167976 700__ $$aConesa Garcia, Carmelo $$b
000167976 700__ $$aVidal-Abarca Gutiérrez, María Rosario $$b
000167976 773__ $$t
000167976 8560_ $$famorato@unizar.es
000167976 8564_ $$uhttps://zaguan.unizar.es/record/167976/files/BOOK-2026-109.pdf$$zTexto completo
000167976 909CO $$ooai:zaguan.unizar.es:167976$$pbooks
000167976 980__ $$aBOOK$$bMONOGRAFIAS$$b